Pokémon de type Eau uniquement - Statistiques

Statistiques générales
  • Ce quiz a été pris 89 fois
  • Le résultat moyen est 60 sur 74
Statistiques - réponses
Hint Réponse % Correct
n° 009 Tortank
100%
n° 008 Carabaffe
99%
n° 007 Carapuce
99%
n° 129 Magicarpe
99%
n° 393 Tiplouf
96%
n° 160 Aligatueur
93%
n° 158 Kaiminus
93%
n° 118 Poissirène
93%
n° 119 Poissoroy
93%
n° 134 Aquali
92%
n° 258 Gobou
90%
n° 090 Kokiyas
90%
n° 394 Prinplouf
90%
n° 055 Akwakwak
89%
n° 503 Clamiral
89%
n° 159 Crocrodil
89%
n° 656 Grenousse
89%
n° 501 Moustillon
89%
n° 054 Psykokwak
89%
n° 120 Stari
89%
n° 061 Têtarte
89%
n° 502 Mateloutre
87%
n° 086 Otaria
87%
n° 060 Ptitard
87%
n° 245 Suicune
87%
n° 728 Otaquin
86%
n° 366 Coquiperl
85%
n° 117 Hypocéan
85%
n° 368 Rosabyss
85%
n° 367 Serpang
85%
n° 320 Wailmer
85%
n° 321 Wailord
85%
n° 349 Barpau
83%
n° 456 Ecayon
83%
n° 116 Hypotrempe
83%
n° 350 Milobellus
83%
n° 419 Mustéflott
83%
n° 186 Tarpaud
83%
n° 657 Croâporal
82%
n° 099 Krabboss
82%
n° 098 Krabby
82%
n° 370 Lovdisc
82%
n° 418 Mustébouée
82%
n° 457 Luminéon
80%
n° 729 Otarlette
80%
n° 223 Rémoraid
80%
n° 816 Larméléon
79%
n° 594 Mamanbo
79%
n° 490 Manaphy
79%
n° 224 Octillery
79%
n° 489 Phione
79%
n° 535 Tritonde
79%
n° 550 Bargantua
77%
n° 341 Ecrapince
77%
n° 382 Kyogre
77%
n° 818 Lézargus
77%
n° 746 Froussardine
76%
n° 817 Arrozard
75%
n° 912 Coiffeton
73%
n° 515 Flotajou
73%
n° 516 Flotoutan
73%
n° 422 Sancoki
72%
n° 846 Embrochet
70%
n° 847 Hastacuda
70%
n° 913 Canarbello
69%
n° 693 Gamblast
68%
n° 692 Flingouste
66%
n° 977 Oyacata
66%
n° 963 Dofin
63%
n° 964 Superdofin
63%
n° 833 Khélocrok
61%
n° 771 Concombaffe
58%
n° 960 Taupikeau
55%
n° 961 Triopikeau
55%
Aucun quiz correspondant
Distribution des résultats
% des personnes avec chaque résultat
Percentile par nombre de réponses
Votre historique - résultats
Vous n’avez pas pris ce quiz